| 000 | 00485nam a2200157Ia 4500 | ||
|---|---|---|---|
| 008 | 170224s9999 xx 000 0 und d | ||
| 100 | _aYue Zheng | ||
| 245 | _aAsian mobile communication research: current status, enduring issues and future trends | ||
| 245 | _cYue Zheng, Ran Wei & Elmie Nekmat | ||
| 260 | _bAsian Journal of Communication | ||
| 260 | _c2016 | ||
| 300 | _a26:6, Pages: 532-547 | ||
| 500 | _a2016 | ||
| 650 | _xCommunication Arts | ||
| 650 | _xMultimedia Arts | ||
| 999 |
_c316180 _d316180 |
||